Zborník prác Výskumného ústavu dopravného č. 45

Gespeichert in:
Bibliographische Detailangaben
Format: Buch
Sprache:Slowakisch
Veröffentlicht: Žilina Výskumný ústav dopravný 1985
Ausgabe:1. vyd.
Tags: Tag hinzufügen
Keine Tags, Fügen Sie das erste Tag hinzu!

MARC

LEADER 00000nam a2200000 4500
001 c038011
005 20221220080724.9
041 0 |a slo 
044 |a SK 
245 1 0 |a Zborník prác Výskumného ústavu dopravného č. 45 
250 |a 1. vyd. 
264 1 |a Žilina  |b Výskumný ústav dopravný  |c 1985 
300 |a 233 s.